[Event "Bonn GSK"]
[Site "Bonn"]
[Date "1996.??.??"]
[Round "?"]
[White "Miezis, Normunds"]
[Black "Gurevich, Mikhail"]
[Result "0-1"]
[WhiteElo "2530"]
[BlackElo "2605"]
[Annotator "Gurevich,M"]
[PlyCount "108"]
[EventDate "1996.08.??"]
[EventType "tourn"]
[EventRounds "12"]
[EventCountry "GER"]
[EventCategory "12"]
[SourceTitle "CBM 056"]
[Source "ChessBase"]
[SourceDate "1997.02.01"]
[SourceVersion "1"]
[SourceVersionDate "1997.02.01"]
[SourceQuality "1"]

1. c4 e5 2. Nc3 Nf6 3. g3 d5 4. cxd5 Nxd5 5. Bg2 Nb6 6. Nf3 Nc6 7. Rb1 Be6 8.
O-O Be7 9. b4 f6 10. a3 O-O 11. d3 Nd4 12. Ne4 {Novelty (?)} (12. Be3 c5 13.
Ne4 Nxf3+ 14. Bxf3 cxb4 15. Nc5 Bd5 $1 {Novelty.} 16. Bxd5+ Qxd5 17. axb4 Rfc8
18. Qd2 Bxc5 19. bxc5 Nd7 $10 {1/2-1/2 Lautier,J-Portisch,L/Biel(05) 1996 (42)}
) 12... Ba2 $6 13. Rb2 (13. Nxd4 $5 exd4 (13... Bxb1 14. Ne6 $18) 14. Nc5 $1
Bxb1 (14... Bxc5 15. bxc5 Bxb1 16. Qb3+ Kh8 17. cxb6 $18) 15. Qb3+ Rf7 16. Qxb1
(16. Nxb7 Qd7 17. Qxb1 $44) 16... Rb8 17. Nxb7 Qd7 18. Nc5 $36) 13... Bd5 14.
Be3 (14. Nxd4 exd4 $13) 14... Bxe4 $5 15. dxe4 Nxf3+ 16. exf3 (16. Bxf3 Qxd1
17. Rxd1 Nc4 18. Rb3 Nxe3 19. Rxe3 Rfd8 $15) 16... Qxd1 17. Rxd1 Nc4 18. Rc2
Nxe3 19. fxe3 Bd6 $5 (19... Rfd8 20. Rxd8+ Bxd8 21. Rd2 $10) 20. Bf1 Rfd8 21.
Kf2 $6 (21. b5 $1 Kf8 22. Kf2 $10 {(/\23.a4, Bf1-c4-d5)}) 21... a6 $1 $15 22.
a4 Kf8 23. f4 (23. b5 axb5 24. axb5 Ke7 25. Bc4 Ra5 $15) 23... Ke7 24. Kf3 c6 {
[><b4]} 25. Rb1 (25. b5 cxb5 26. axb5 a5 27. Bc4 a4 28. Bd5 Rd7 $15) 25... Rdc8
$1 {[/\26...b5]} 26. Bh3 Rc7 27. Bf1 Rb8 $1 (27... b5 28. axb5 axb5 29. Rbc1
Bxb4 30. Rxc6 $10) 28. Ra2 b5 29. axb5 axb5 30. Ra6 Rbb7 $5 {[/\31...Ra7]} 31.
Ra3 $6 (31. Rc1 Bxb4 32. Raxc6 Rxc6 33. Rxc6 Bd6 $15) 31... Ra7 32. Rc3 Ra6 33.
h4 Rca7 34. Bh3 Kd8 $1 $17 {[/\35...Kc7,36...Ra1]} 35. Rc2 Kc7 36. Be6 (36. Bf5
$5 h6 37. Kg4) 36... Ra1 37. Rbb2 R1a4 38. Bd5 R7a6 39. Rb1 Kd7 $5 (39... Rxb4
40. Rbc1 c5 41. Rxc5+ $1 Bxc5 42. Rxc5+ Kd6 43. Rc8 Rb1 (43... Ra7 44. Rc6+ Kd7
45. fxe5 fxe5 46. Re6 $132) 44. Rd8+ Kc5 45. Rc8+ Kb6 46. Rc6+ Ka5 47. Rc7 $132
) 40. fxe5 Bxe5 (40... fxe5 $19) 41. Bg8 h6 42. Rd1+ Kc7 43. Be6 Rxb4 44. Rd7+
Kb6 45. Rxg7 Ra1 46. Rg6 Rg1 47. Rxh6 (47. g4 Rg3+ 48. Kf2 Rxe4 49. Rxf6 Rexe3
50. Rxh6 Bd4 $19) 47... Rxg3+ 48. Kf2 Rxe4 49. Bd7 (49. Rxf6 Rxh4 $19) 49... c5
50. Re2 Rg7 $1 $19 51. Kf3 (51. Bf5 Rxh4 52. Rxh4 Bg3+ $19) 51... Rxh4 $5 52.
Rxh4 Rxd7 $19 53. Ke4 c4 54. Rh5 b4 0-1

[Event "Haarlem AKN op 08th"]
[Site "Haarlem"]
[Date "1999.07.03"]
[Round "4"]
[White "Gurevich, Mikhail"]
[Black "Van den Doel, Erik"]
[Result "1-0"]
[WhiteElo "2643"]
[BlackElo "2528"]
[Annotator "Gurevich,M"]
[PlyCount "53"]
[EventDate "1999.07.02"]
[EventType "swiss"]
[EventRounds "6"]
[EventCountry "NED"]
[SourceTitle "EXT 2000"]
[Source "ChessBase"]
[SourceDate "1999.11.16"]
[SourceVersion "1"]
[SourceVersionDate "1999.11.16"]
[SourceQuality "1"]

1. c4 e5 2. Nc3 Nf6 3. Nf3 Nc6 4. g3 Nd4 5. Bg2 Nxf3+ 6. Bxf3 Bb4 7. O-O O-O 8.
d3 h6 {TN} 9. Qa4 $5 a5 (9... Bxc3 10. bxc3 c6 11. Ba3 $14) 10. Bd2 d6 11. a3
Bxc3 (11... Bc5 $5 12. b4 Bb6 13. Bg2 $13) 12. Bxc3 Bg4 $6 13. Bxg4 $6 (13.
Bxb7 $5 Bxe2 (13... Ra7 14. Bf3 $16) 14. Rfe1 Bxd3 15. Bxa8 Qxa8 16. Re3 $14)
13... Nxg4 14. c5 Qg5 15. cxd6 cxd6 16. Qe4 (16. Qd7 Qh5 17. h4 Rfd8 18. Qxb7
d5 $132 {/\ 19...g5}) 16... Qh5 17. Qg2 f5 $6 (17... Rfc8 $13 {/\18...Rc6}) 18.
Bd2 Rf7 19. Rac1 $14 Nf6 20. Rfe1 g5 $6 (20... d5 21. Rc5 a4 22. Bc3 $14) 21.
Rc4 Kh8 22. h3 $1 {[/\23.g4]} g4 23. hxg4 fxg4 24. Rec1 $16 {[/\ 25.Rc7]} Raf8
25. Rc7 Rxc7 26. Rxc7 Qf5 (26... d5 27. Bxa5 $16) 27. Bxh6 $18 1-0

[Event "YUG-chT"]
[Site "Niksic"]
[Date "1996.??.??"]
[Round "3"]
[White "Gurevich, Mikhail"]
[Black "Kharlov, Andrei"]
[Result "1-0"]
[WhiteElo "2605"]
[BlackElo "2605"]
[Annotator "Gurevich,M"]
[PlyCount "69"]
[EventDate "1996.??.??"]
[EventType "team"]
[EventRounds "12"]
[EventCountry "YUG"]
[SourceTitle "EXT 2000"]
[Source "ChessBase"]
[SourceDate "1999.11.16"]
[SourceVersion "1"]
[SourceVersionDate "1999.11.16"]
[SourceQuality "1"]

1. c4 e5 2. Nc3 Nf6 3. g3 d5 4. cxd5 Nxd5 5. Bg2 Nb6 6. Nf3 Nc6 7. Rb1 f6 $5 8.
a3 $6 Nd4 $5 9. d3 (9. Nxd4 $6 exd4 10. Ne4 $2 f5 $19) 9... Bg4 10. O-O $6 (10.
Nxd4 $5 exd4 11. Ne4 {/\12.b4} Nd5 $6 12. Qb3 f5 13. Ng5 (13. Qxd5 Qxd5 14.
Nf6+ gxf6 15. Bxd5 c6 $13) 13... Qe7 14. f3 $16) 10... Qd7 (10... Nxf3+ $6 11.
exf3 Bh5 12. g4 Bg6 13. f4 Bxd3 14. Bxb7 Rb8 (14... Bxb1 15. Bc6+ $40) 15. Bc6+
$36) 11. Nxd4 exd4 12. Ne4 Nd5 $1 (12... O-O-O $6 13. b4 Nd5 14. Bb2 f5 15. Nc5
Bxc5 16. bxc5 Rhe8 17. Re1 $36) 13. Qc2 (13. b4 f5 14. Nc5 Bxc5 15. bxc5 (15.
Bxd5 Qxd5 16. bxc5 Bh3) 15... Nc3 16. Qb3 Nxb1 17. Qxb7 O-O 18. Qxb1 Rae8 $17)
13... O-O-O 14. Re1 (14. b4 Bh3 15. Nc5 Bxc5 16. Qxc5 (16. bxc5 Bxg2 17. Kxg2
Qc6 18. Kg1 h5 $36) 16... Bxg2 17. Kxg2 Nc3 18. Rb2 (18. Qxa7 Qd5+ 19. Kg1 Nxb1
$19) 18... Qd5+ 19. Qxd5 Rxd5 $15) 14... h5 $5 15. Nc5 $1 Qc6 (15... Bxc5 16.
Qxc5 Nb6 17. h4 $1 {/\18.Bf4}) 16. b4 b6 {[#]} 17. Bb2 $1 bxc5 18. Bxd4 h4 $1 (
18... Bd6 19. bxc5 Be5 20. Bb2 $1 {/\21.d4} (20. Bxe5 fxe5 21. Qb2 Rhe8 $13)
20... Bxb2 21. Qxb2 h4 22. e4 Ne7 23. d4 hxg3 24. hxg3 $16) 19. bxc5 hxg3 20.
hxg3 f5 $1 (20... Bh3 21. Bf3) 21. Qb3 $1 f4 (21... Bh3 $1 22. Bf3 Bg4 23. Bg2
$10 (23. Bxg4 fxg4 24. e4 Nf4 $1 25. gxf4 Rxd4 $17) 23... Bh3 24. Bh1 Bg4 25.
Bg2) 22. Be5 $3 (22. gxf4 Bh3 23. Be4 Rh6 {/\24...Be7,25...Rg6+.}) 22... Bxc5
$2 (22... fxg3 $6 23. Bxg3 $16 Bxc5 24. Rec1 $1 Bxe2 25. d4 Qb6 26. Rxc5 Qxb3
27. Rxb3 $18) (22... f3 $1 23. exf3 (23. Qc4 $5 fxg2 24. Qxg4+ Qd7 25. Qxd7+
Kxd7 26. Kxg2) 23... Bh3 24. d4 Bxg2 25. Kxg2 {/\26.Rh1}) 23. Rec1 $1 Qb6 (
23... f3 24. exf3 Bh3 (24... Qb6 25. Qxb6 axb6 26. fxg4 $18) (24... Ne3 25. d4
$1 Bxf3 (25... Qh6 26. Qxe3 $18)) (24... Be6 25. d4 Nb6 (25... Nf4 26. Rxc5 $18
) 26. Rxc5 Qxc5 27. Qxe6+ $18) 25. d4 Bxg2 26. Rxc5 $1 (26. Kxg2 Qe6 27. Qb7+ (
27. g4 Bb6 $19) 27... Kd7 28. Qb5+ c6 29. Qb7+ Ke8 30. Rh1 $13) 26... Bxf3 (
26... Qh6 27. Qb7+ Kd7 28. Rxd5+ $18) 27. Qxf3 Qh6 28. Qxd5 $3 Qh2+ 29. Kf1
Rxd5 (29... Qh1+ 30. Qxh1 Rxh1+ 31. Kg2 Rxb1 32. Rxc7+ Kb8 33. Rc1+ $18) 30.
Rxc7+ Kd8 31. Rb8#) 24. Rxc5 $1 (24. Qxb6 axb6 25. d4 Bxa3 $19) 24... Qxc5 25.
Qb7+ Kd7 26. d4 $1 Qc6 (26... Qc2 27. Qxd5+ (27. Bxd5 Rb8 $13) 27... Ke7 28.
Qe4 $5 Qxe4 29. Bxe4 fxg3 (29... Rb8 30. Rc1 Rhc8 31. f3 Be6 32. gxf4 $16) 30.
Rb7 Rc8 31. f3 Bd7 32. Bxg3 $16) (26... Qa5 27. Bxd5 Rb8 28. Qc6+ Ke7 29. Rc1
$40) 27. Bxd5 Qxb7 28. Rxb7 Rc8 29. f3 $1 Be6 30. Bxe6+ Kxe6 31. gxf4 $18 {
[>< a7,c7,g7]} Kd5 32. Rxa7 Rb8 33. Rxc7 Rb1+ 34. Kg2 Rb2 (34... Rbh1 35. e4+
Ke6 36. d5#) 35. Rc5+ (35. Rc5+ Ke6 36. d5+ Kf5 37. Bxb2) 1-0

[Event "Lost Boys op"]
[Site "Antwerp"]
[Date "1997.08.09"]
[Round "8"]
[White "Vaganian, Rafael A"]
[Black "Gurevich, Mikhail"]
[Result "1/2-1/2"]
[WhiteElo "2640"]
[BlackElo "2620"]
[Annotator "Gurevich,M"]
[PlyCount "108"]
[EventDate "1997.08.02"]
[EventType "swiss"]
[EventRounds "9"]
[EventCountry "BEL"]
[SourceTitle "CBM 059 Extra"]
[Source "ChessBase"]
[SourceDate "1997.09.26"]
[SourceVersion "1"]
[SourceVersionDate "1997.09.26"]
[SourceQuality "1"]

1. c4 e5 2. g3 Nf6 3. Bg2 d5 4. cxd5 Nxd5 5. Nf3 Nc6 6. O-O Nb6 7. d3 Be7 8. a3
Be6 9. Nc3 O-O 10. b4 f6 (10... Nd4 $5 11. Bb2 Nxf3+ 12. Bxf3 c6 13. Ne4 Nd7
14. Qc2 Bd5 15. Nd2 Bd6 16. Ne4 Be7 17. Nd2 Bd6 18. Ne4 {1/2-1/2 Yudasin,
L-Gurevich,M/Bern 1989}) 11. Bb2 Qd7 (11... Qe8 $5 12. Rc1 Qf7 13. Ne4 a6 14.
Nfd2 Bd5 15. Nc4 f5 16. Nxb6 cxb6 17. Nd2 Bxg2 18. Kxg2 Qd5+ 19. Kg1 Bg5 20.
Rc2 Bxd2 21. Qxd2 f4 $36 {0-1 Segers,M-Massy,G corr 1994(37)}) 12. Ne4 Rfd8 13.
Qc2 Bd5 (13... a5 $5 14. b5 Na7 15. a4 c6 16. d4 cxb5 17. dxe5 Rac8 18. Qb1 f5
$13) 14. Rac1 Bf8 $5 {[/\15...Qf7]} 15. e3 $5 {(/\16.d4)} (15. b5 $6 Na5 16.
Qxc7 Qxb5 $17) (15. Nc5 $5 Bxc5 16. bxc5 (16. Qxc5 Na4 17. Qc2 Nxb2 18. Qxb2
Nd4 19. Nxd4 Bxg2 $11) 16... Nc8 {[17...N8e7, 18...b5 <=><<]} 17. e4 $1 Be6 18.
d4 $1 (18. Rfd1 Qf7 $132) 18... exd4 19. Nxd4 Nxd4 20. Bxd4 Ne7 (20... Qxd4 $2
21. Rfd1 $18) 21. Rfd1 $14) 15... a5 $6 (15... Bxe4 $5 16. dxe4 Qd3 17. Bh3 (
17. Qxd3 Rxd3 18. b5 Na5 19. Rxc7 (19. Bh3 Na4 20. Be6+ Kh8 $132) 19... Rb3
$132) 17... a6 18. Be6+ Kh8 19. Qxd3 Rxd3 20. Rfd1 Rad8 21. Rxd3 Rxd3 $132 22.
Kf1 $2 Na4 $15) 16. Nc5 Qc8 $2 (16... Bxc5 17. bxc5 Nc8 18. d4 exd4 (18... e4
19. Nd2 f5 20. f3 $14) 19. e4 Bf7 20. Nxd4 Nxd4 21. Bxd4 Ne7 $14) 17. b5 Na7
18. d4 $1 (18. a4 Bxc5 19. Qxc5 Nxa4 $17) 18... exd4 $8 (18... Nxb5 $2 19. dxe5
Bc4 20. exf6 $40 Bxc5 21. Ng5 $1 $18 g6 22. f7+ $1 Bxf7 23. Nxf7 Kxf7 24. Qxc5
$18) (18... Bxc5 19. dxc5 Nc4 20. Ng5 $1 Nxb2 (20... fxg5 21. Bxd5+ Rxd5 22.
Qxc4 Qe6 23. e4 $18) 21. Qxh7+ Kf8 22. Bxd5 $18) 19. Nxd4 c6 (19... Bxc5 20.
Qxc5 Bxg2 21. Kxg2 Rd7 $14) 20. Na4 (20. bxc6 $5 bxc6 (20... Nxc6 21. Bxd5+
Nxd5 (21... Rxd5 22. Qb3 $18) 22. Nde6 $16) 21. Bxd5+ cxd5 22. Nde6 $16) 20...
Nxa4 21. Qxa4 Bxg2 (21... Nxb5 $2 22. Nxb5 Bxg2 (22... cxb5 23. Bxd5+ Rxd5 24.
Rxc8 $18) 23. Kxg2 cxb5 24. Qb3+ $18) 22. Kxg2 Qd7 $5 (22... c5 23. Qc4+ Kh8
24. Ne6 $16) 23. bxc6 Qd5+ 24. Kg1 (24. e4 Qxe4+ 25. f3 Qd5 26. c7 Re8 $14)
24... Nxc6 25. Nxc6 bxc6 26. Qxc6 Rab8 27. Qxd5+ Rxd5 28. Rc2 $14 Rdb5 $6 $138
(28... a4 $5 29. Bd4 Kf7 30. Ra1 Rb3 31. Rc4 Ra5 $132) 29. Bc1 Rb3 30. Rd1 Bxa3
31. Bxa3 Rxa3 32. Rc7 Kh8 33. Rdd7 $16 Rg8 34. Ra7 h6 (34... h5 35. Rd5 $18)
35. Kg2 $2 (35. h4 $1 Kh7 36. h5 $16) 35... Kh7 36. g4 $2 (36. h4 h5 37. Rd5
Kg6 38. Rdxa5 Rxa5 39. Rxa5 Rb8 $14) 36... h5 $1 $11 37. gxh5 (37. g5 fxg5 38.
Rd5 Kh6 $11) 37... Kh6 38. Rd5 a4 39. Kf3 Ra1 40. Rda5 Rb8 41. Rxa4 Rxa4 42.
Rxa4 Kxh5 43. Ra5+ g5 44. Kg3 Kg6 45. e4 Re8 $1 $11 46. f3 Re7 47. Ra6 Re8 48.
Kf2 Rh8 49. Kg3 Re8 50. h3 Re7 51. Kf2 Rh7 52. e5 Kf5 53. exf6 Rf7 $1 (53...
Rxh3 54. f7 Rh8 55. Kg3 Rf8 56. Ra7 $14) 54. Ke3 Rxf6 1/2-1/2

[Event "Metz op 23rd"]
[Site "Metz"]
[Date "2005.04.24"]
[Round "9"]
[White "Gurevich, Mikhail"]
[Black "Bauer, Christian"]
[Result "1/2-1/2"]
[WhiteElo "2630"]
[BlackElo "2640"]
[Annotator "Gurevich,M"]
[PlyCount "50"]
[EventDate "2005.04.16"]
[EventType "swiss"]
[EventRounds "9"]
[EventCountry "FRA"]
[SourceTitle "CBM 105 Extra"]
[Source "ChessBase"]
[SourceDate "2005.05.01"]
[SourceVersion "1"]
[SourceVersionDate "2005.05.01"]
[SourceQuality "1"]

1. c4 e5 2. Nc3 Nf6 3. g3 Bb4 4. Nf3 Nc6 5. Bg2 Bxc3 6. bxc3 O-O 7. d3 (7. O-O
Re8 8. d3 e4 9. Nd4 Ne5 10. Bg5 exd3 11. exd3 h6 12. Bxf6 Qxf6 13. Re1 Re7 14.
Qd2 d6 15. f4 Ng6 16. Rxe7 Nxe7 17. Re1 $36 Bd7 18. Bxb7 Rb8 19. Bg2 c5 20. Nb5
d5 21. Qe3 Nf5 22. Qxc5 dxc4 23. dxc4 a6 24. Nd4 $16 {1-0 Yakovich,Y-Deviatkin,
A/Moscow 2004/EXT 2005 (42)}) 7... Rb8 $5 {TN} 8. O-O a6 (8... b6 $5 {(/\9...
Bb7)}) 9. Rb1 d6 10. Bg5 $5 h6 11. Bxf6 Qxf6 12. Ne1 {[/\Ne1-c2-e3-d5]} Bd7 13.
Nc2 h5 $5 14. Ne3 Qd8 15. Nd5 b5 $6 (15... h4 16. e3 (16. gxh4 Ne7 $44) 16...
g6 {(/\17...Kg7,28...Rh8)}) 16. cxb5 axb5 17. a4 $5 bxa4 18. Qxa4 $14 Nb4 (
18... Nd4 19. Qa2 Ne6 20. Rxb8 Qxb8 21. Rb1 Qd8 22. Qc4 $16) 19. Qa7 Nxd5 20.
Bxd5 Bg4 21. f3 Bh3 22. Rxb8 Qxb8 23. Qxb8 Rxb8 24. Ra1 Kf8 25. Kf2 (25. Ra7
Rb1+ 26. Kf2 f5 27. Rxc7 g5 $132) 25... g5 1/2-1/2

[Event "Belgrade Investbank"]
[Site "Belgrade"]
[Date "1991.??.??"]
[Round "?"]
[White "Gurevich, Mikhail"]
[Black "Sokolov, Ivan"]
[Result "1-0"]
[WhiteElo "2630"]
[BlackElo "2570"]
[Annotator "Gurevich,M"]
[PlyCount "103"]
[EventDate "1991.11.??"]
[EventType "tourn"]
[EventRounds "11"]
[EventCountry "YUG"]
[EventCategory "15"]
[SourceTitle "CBM 027"]
[Source "ChessBase"]
[SourceDate "1992.04.01"]
[SourceVersion "1"]
[SourceVersionDate "1992.04.01"]
[SourceQuality "1"]

1. c4 {Ribli} e5 2. Nc3 Nf6 3. Nf3 Nc6 4. g3 Bc5 5. d3 O-O 6. Bg2 h6 7. O-O d6
8. a3 a5 (8... a6 9. b4 Ba7 10. Bb2 Be6 11. Nd2 (11. Rc1 $5 {Ribli}) 11... d5
12. cxd5 Nxd5 13. Rc1 Nxc3 14. Bxc3 Bd5 $10 {Lautier,J-Sokolov,I WaZ 1991}) 9.
e3 Bb6 $5 {[TN /\10...Be6,d6-d5;9...Bf5-52/37]} (9... Bf5 {Ribli} 10. b3 (10.
h3 $5) 10... Qd7 11. Bb2 Bb6 12. d4 exd4 13. exd4 $6 (13. Nxd4 $5) 13... Bg4
14. Na4 Ba7 15. Qd2 Rfe8 $13 {Vaganian,R-Sokolov,I Bled/Rogaska Slatina 1991
CBM/24}) 10. b3 $5 Bf5 $5 {[/\Qd8-d7,Bf5-h3-g2,d6-d5]} (10... Be6 11. d4 $5
exd4 12. Nxd4 Nxd4 13. exd4 c6 14. d5 cxd5 15. Nxd5 $14) 11. h3 $1 Qd7 12. Kh2
Bh7 {[/\13...e4]} (12... e4 13. Nh4 exd3 14. Nxf5 Qxf5 15. e4 $14) 13. Ng1 $1
$14 {[/\Ng1-e2,Qd2,Bb2,Ra1-e1,f2-f4]} Kh8 $6 (13... Nd8 $32 {/\c7-c6,d6-d5}) (
13... Nd8 $5 {Ribli}) 14. Nge2 Rfe8 15. Bb2 Nd8 16. Qd2 c6 17. e4 $5 {[/\18.
f4->>>]} Ng8 $5 18. Na4 $5 (18. f4 f5 $132) 18... Bc7 19. d4 exd4 20. Bxd4 f5
$1 (20... Bxe4 $4 21. Nc5 dxc5 22. Bxg7+ $18 (22. Bxg7+ {Ribli} Kxg7 23. Qxd7
$18)) 21. exf5 Qxf5 22. Nf4 Ne6 23. Nxe6 Rxe6 24. Rfe1 Rae8 25. Rxe6 Qxe6 26.
Nc3 $5 {[/\Ra1-d1,Bd4-e3-f4+/-]} (26. Rd1 b5 $1 27. Nc3 bxc4 28. Bxc6 cxb3 $1
29. Bxe8 Qxe8 $132) 26... Bd8 27. Rd1 Bf6 28. Bb6 $1 Qf5 29. Rc1 $6 (29. Na4
Qc2 30. Qxc2 Bxc2 31. Rxd6 Bxb3 32. Nc5 Bxc4 33. Nxb7 $16) 29... Qd3 30. Qxd3
Bxd3 31. Na4 $6 $138 (31. Bf3 $1 {/\32.Na4+/-}) (31. Bf3 $1 {Ribli}) 31... Re2
$1 32. Rd1 (32. Bf1 Rc2 $15) 32... Bc2 33. Rxd6 Bxb3 34. Nc5 Bxc4 $2 $138 (
34... Rxf2 $1 35. Nxb7 (35. Nxb3 Rb2 36. Rd3 a4 $15) 35... Rc2 36. Rxc6 a4 $132
) 35. Nxb7 $16 a4 36. Na5 Bb5 37. Nxc6 Ra2 38. Bc5 Rc2 39. Be3 Ra2 40. Nd4 Bc4
(40... Bxd4 41. Bxd4 Rxa3 42. Be4 $16) 41. Rc6 Bf7 42. Rc7 Bg6 43. Nb5 Ne7 44.
Ra7 Nf5 $6 (44... Bd3 45. Nd6 Rxa3 46. Ne4 $1 (46. Bc5 $6 Ra2 47. Nf7+ Kg8 48.
Bxe7 Rxf2 $1 49. Bxf6 Be4 $10) 46... Bxe4 47. Bxe4 $14) 45. Bd5 Rb2 $2 (45...
Ra1 46. Ra8+ Kh7 47. Bg8+ Kh8 48. Bb6 Ne7 49. Bf7+ Kh7 50. Bxg6+ Kxg6 51. Rxa4
$16) 46. Ra8+ Kh7 47. Bg8+ Kh8 48. Bc4+ $1 (48. Bc1 $2 Rxf2+ 49. Kg1 Re2 50.
Bf7+ $8 Kh7 51. Bg8+ $10) 48... Kh7 49. Bg8+ Kh8 50. Bc4+ Kh7 51. Bc1 $1 $18
Rxf2+ 52. Kg1 {[52...Rc2 53.Bg8 Kh8 54.Bb3]} 1-0

[Event "Belfort Comtois 4th"]
[Site "Belfort"]
[Date "1999.12.18"]
[Round "6"]
[White "Gurevich, Mikhail"]
[Black "Hauchard, Arnaud"]
[Result "1/2-1/2"]
[WhiteElo "2643"]
[BlackElo "2518"]
[Annotator "Gurevich,M"]
[PlyCount "88"]
[EventDate "1999.12.13"]
[EventType "tourn"]
[EventRounds "6"]
[EventCountry "FRA"]
[EventCategory "15"]
[SourceTitle "CBM 075"]
[Source "ChessBase"]
[SourceDate "2000.04.05"]
[SourceVersion "1"]
[SourceVersionDate "2000.04.05"]
[SourceQuality "1"]

1. c4 e5 2. Nc3 Nf6 3. Nf3 Nc6 4. g3 Bb4 5. Nd5 Nxd5 6. cxd5 Nd4 7. Nxd4 exd4
8. Bg2 Be7 9. O-O c5 10. e3 dxe3 11. fxe3 $5 (11. dxe3 d6 12. Bd2 O-O $11)
11... d6 (11... O-O 12. b4 $5 cxb4 13. Bb2 $36) 12. b4 $1 Bf6 (12... cxb4 13.
Qa4+ Qd7 14. Qxb4 $36) 13. Rb1 O-O 14. bxc5 dxc5 15. d4 $1 cxd4 16. Bb2 $36 b6
(16... dxe3 17. Rxf6 $5 (17. Bxf6 gxf6 18. Qd4 $44) 17... gxf6 18. Qh5 $40) 17.
Bxd4 Bxd4 18. Qxd4 $14 Ba6 (18... Qd6 19. Rbc1 Bb7 20. Qf4 $1 $16) 19. Rf2 Qd6
20. Rc1 $6 (20. Qf4 Rad8 (20... Qxf4 21. gxf4) 21. Rc1 $16) 20... Rac8 21. Rc6
Qa3 $1 $13 (21... Rxc6 22. dxc6 $16) 22. Rfc2 Rfd8 23. Qc3 Qxc3 24. R2xc3 Rxc6
25. Rxc6 (25. dxc6 Rd1+ 26. Kf2 Rd2+ 27. Kf3 f5 $13) 25... f5 $1 (25... Bb7 26.
Rc7) 26. g4 $5 (26. Rc7 Bd3 27. Rxa7 Be4 $11) 26... Bb7 27. Rc2 g6 (27... fxg4
28. e4 $44) 28. gxf5 gxf5 29. Kf2 Rd7 30. Rd2 Kf7 31. Kg3 Kf6 32. Kf4 b5 $5 33.
Rd4 $6 $138 (33. e4 fxe4 34. Kxe4 $1 $14 {/\ Ke4-d4-c5}) 33... a5 $11 34. a3 b4
35. axb4 axb4 36. Rxb4 Bxd5 37. Rb6+ Be6 38. Bh3 Rd2 $1 39. e4 Rxh2 40. Bxf5
Rf2+ 41. Kg4 h5+ 42. Kxh5 Rxf5+ 43. exf5 Kxf5 44. Rxe6 Kxe6 1/2-1/2

[Event "Hoogovens"]
[Site "Wijk aan Zee"]
[Date "1995.01.??"]
[Round "1"]
[White "Schwartzman, Gabriel"]
[Black "Tiviakov, Sergei"]
[Result "0-1"]
[WhiteElo "2505"]
[BlackElo "2640"]
[Annotator "Hansen,Cu"]
[PlyCount "78"]
[EventDate "1995.01.??"]
[EventType "k.o."]
[EventRounds "5"]
[EventCountry "NED"]
[SourceTitle "CBM 045"]
[Source "ChessBase"]
[SourceDate "1995.04.01"]
[SourceVersion "1"]
[SourceVersionDate "1995.04.01"]
[SourceQuality "1"]

1. c4 {Ribli} e5 2. Nc3 Nc6 3. Nf3 Nf6 4. g3 d5 5. cxd5 Nxd5 6. Bg2 Nb6 7. O-O
Be7 8. a3 O-O 9. b4 Be6 {/\Nd4} 10. Rb1 {><b3} (10. d3 {Ribli} f5 11. Bb2 Bd6
$6 $14 {Makarov,M-Tiviakov,S/Elista/1994/CBM44/INF61,31/}) 10... f6 (10... Nd4
$2 11. Nxe5) 11. d3 Nd4 12. Be3 (12. Bb2 Nxf3+ 13. Bxf3 c6 14. Ne4 Bd5 15. Bc3
{Suba,M-Wolf,P  Preston 1989 CBM/14}) (12. Ne1 $5 {Ribli} Nd5 13. Bb2 Nxc3 14.
Bxc3 c6 $6 (14... Nb5 15. Bb2 c6 16. a4 Nc7 $132 {Stohl}) 15. a4 $14 {
Kortschnoj,V-Stohl,I/Tilburg/1993/CBM39/INF59,51/}) 12... Nxf3+ (12... c5 13.
Ne4 Nxf3+ (13... cxb4 14. axb4 Rc8 15. Nc5 $5 (15. Bxd4 $5 exd4 16. Rb2 Nd5 17.
Qa1 Qb6 18. Qa5 $1 Rfd8 19. Qxb6 Nxb6 20. Ra1 a6 21. Nc5 $1 Bd5 22. Bh3 $1 Rxc5
23. bxc5 Bxc5 24. Ra5 Bxf3 25. exf3 Bd6 26. Ra1 $1 (26. Rxb6 $2 Bc7 $10) 26...
Bc5 27. f4 {1-0 Pigusov,E-Estevez,G/Santa Clara (05) 1991}) 15... Bxc5 16. bxc5
Rxc5 17. Rb4 Nxf3+ 18. Bxf3 Rc7 19. Bxb6 axb6 20. Rxb6 Bd5 21. Bxd5+ {1/2-1/2
Pigusov,E-Vyzmanavin,A/Sochi-A 1989}) 14. Bxf3 cxb4 15. axb4 (15. Nc5 $1 Bxc5 (
15... Bd5 16. Bxd5+ Qxd5 17. axb4 $14) 16. Bxc5 Rf7 17. Bxb6 $5 (17. axb4 Nd5
$10) 17... axb6 (17... Qxb6 18. Rxb4 Qa6 19. Qa4 $14) 18. axb4 $14 {Seirawan,
Y-Gurevich,M/Biel izt/1993/}) 15... Nd5 16. Bd2 b6 $6 (16... Qd7 $1 17. Qc2 $5
(17. Nc5 Bxc5 18. bxc5 {1/2-1/2 Kramnik,V-Aseev,K/URS-ch58 Moscow (11) 1991})
17... Rac8 18. Qb2 b6 $1 19. Rfc1 (19. b5 $6 Rc7 20. Rfc1 Rfc8 21. Rxc7 Rxc7
$36 {<->c /\} 22. Rc1 $2 Rxc1+ 23. Bxc1 Bb4 {><b5}) 19... Rxc1+ 20. Rxc1 Rc8
21. Rxc8+ Qxc8 22. b5 {Serper,G-Aseev,K/Krumbach/1991/} Qd7 23. Nc3 Nxc3 24.
Bxc3 Bc5 $10) 17. Qa4 $1 Qe8 18. b5 Qd7 19. Rfc1 $16 {+/- Kharitonov,A-Aseev,K/
Lvov (zt) 53/(41) 1990}) (12... c5 $5 {Ribli}) 13. Bxf3 c6 14. Ne4 (14. b5 $6
Bxa3 15. bxc6 bxc6 16. Bxc6 Rc8 17. Nb5 Rxc6 18. Nxa3 $15) 14... Nd5 (14... Bd5
15. a4 f5 $6 {ה} (15... Nd7 {>=}) 16. Nd2 Nd7 $2 (16... Bf6 $5 17. a5 Nc8 $14)
17. Bxd5+ $1 cxd5 18. Qb3 $16 {Serper,G-Tiviakov,S/USSR/1991/}) 15. Bd2 (15.
Bc5 $2 f5 16. Bxe7 Qxe7 17. Nd2 Nc3 $19) 15... b6 {><c5, /\f6-f5} (15... f5 16.
Nc5 $14) 16. Qa4 (16. Qc2 {Ribli} Qd7 17. Rfc1 Rfc8 $13) 16... Qd7 17. Rfc1
Rfc8 18. Nc3 {/\19.Nxd5 Bxd5 20.Bxd5 Qxd5 21.Rc3+/= <->c} (18. Bg2 {Ribli} a5
$36) 18... b5 19. Qa6 $6 (19. Qd1 a5 $132 (19... Nxc3 {Ribli} 20. Bxc3 Bd5 $10)
) 19... Rab8 {ףa6} 20. Nxd5 (20. Ne4 $5 {Ribli} Rb6 21. Qa5 Qb7 22. Nc5 Bxc5
23. bxc5 Ra6 24. Bxd5 $1 Bxd5 25. Qc3 Ra4 26. Rb4 $13) 20... cxd5 21. Be3 (21.
Rxc8+ {Ribli} Rxc8 22. Rc1 $10) 21... d4 22. Bd2 Rxc1+ (22... Bd8 23. Rc6 $10)
23. Rxc1 Rb6 24. Qa5 Bd8 $17 {/\Rd6 -+} 25. a4 $8 (25. Rc6 $5 {Ribli}) 25...
bxa4 26. Ra1 Bb3 27. Qc5 Be7 28. Qa5 Rb5 29. Qa6 {/\Bc6} Rb6 30. Qa5 g6 31. Rc1
Kg7 32. b5 Bd8 (32... Rxb5 $2 33. Rc7 Rxa5 34. Rxd7 $18) 33. Bc6 Qf7 {/\Rxc6}
34. Qb4 Qe7 $1 $19 (34... a6 $17) 35. e3 (35. Qxe7+ {Ribli} Bxe7 36. Ba5 a3 $1
37. Bxb6 axb6 38. e4 dxe3 39. fxe3 a2 40. e4 Bc5+ 41. Kf1 Bd4 $19) 35... dxe3
36. Qxe7+ $2 (36. fxe3 $8 Qxb4 37. Bxb4 a6 38. bxa6 Rxa6 $17) 36... Bxe7 37.
Bxe3 a3 $19 38. Bxb6 axb6 39. Bf3 a2 (39... a2 {Ribli} 40. Bd1 Be6 41. Ra1 Bc5
$19) 0-1